Bilecik Bilecik Bilecik Bilecik Bilecik

Die drei körper des Buddha (trikaya): das dritte kapitel der uigurischen fassung des goldglanz-sutras (Altun Yaruk Sudur)/ (Record no. 68769)

MARC details
000 -BAŞLIK
Sabit Uzunluktaki Kontrol Alanı 01258nam a22003857a 4500
001 - KONTROL NUMARASI
Control Dosyası 0068226
003 - KONTROL NUMARASI KİMLİĞİ
Kontrol Alanı KOHA_MİRAKIL
005 - EN SON İŞLEM TARİHİ ve ZAMANI
Kontrol Alanı 20260207004746.0
007 - FİZİKSEL TANIM SABİT ALAN - GENEL BİLGİ
Sabit uzunluklu kontrol alanı ta
008 - SABİT UZUNLUKTAKİ VERİ ÖGELERİ - GENEL BİLGİ
Sabit Alan 230201b2001 tu |||gr||||#||||0|ger |
020 ## - ISBN - ULUSLARARASI STANDART KİTAP NUMARASI
Isbn 9782503513140
040 ## - KATALOGLAMA KAYNAĞI
Özgün Kataloglama Kurumu TR-BiSEU
Kataloglama Dili tur
Çeviri Kurumu TR-BiSEU
Açıklama Kuralları rda
041 0# - DİL KODU
Metin ya da ses kaydının dil kodu ger
044 ## - YAYINLAYAN/ÜRETEN KURULUŞUN ÜLKE KODU
ISO country code tu
050 ## - SINIFLAMA ve YER NUMARASI
Sınıflama Numarası BQ2137
Yer Numarası .W55 2001
100 1# - KİŞİ ADI
Yazar Adı (Kişi adı) Wilkens, J..
245 14 - ESER ADI BİLDİRİMİ
Başlık Die drei körper des Buddha (trikaya): das dritte kapitel der uigurischen fassung des goldglanz-sutras (Altun Yaruk Sudur)/
Sorumluluk Bildirimi J. Wilkens ; J. Wilkens.
264 #1 - ÜRERİM, YAYIN, DAĞITIM ve TELİF BİLDİRİMİ
Yayın yeri Turnhout :
Yayınlayan Brepols
Yayın tarihi 2001
300 ## - FİZİKSEL TANIMLAMA
Sayfa, Cilt vb. IX, 320 pages: illustrated; 30 cm.
336 ## - İÇERİK TÜRÜ
Content type term metin
Content type code txt
Source rdacontent
337 ## - MEDYA TÜRÜ
Media type term aracısız
Media type code n
Source rdamedia
338 ## - TAŞIYICI TÜRÜ
Carrier type term cilt
Carrier type code nc
Source rdacarrier
490 1# - DİZİ BİLDİRİMİ
Dizi Bildirimi Berliner Turfantexte ;
Cilt Numarası XXI
500 ## - GENEL NOT
Genel Not Includes bibliographical referances.
650 #0 - KONU BAŞLIĞI EK GİRİŞ - KONU TERİMİ
Konusal terim veya coğrafi ad Suvarnaprabhasasutra--Criticism.
9 (RLIN) 130532
650 #0 - KONU BAŞLIĞI EK GİRİŞ - KONU TERİMİ
Konusal terim veya coğrafi ad Tripitaka.
9 (RLIN) 130533
650 #0 - KONU BAŞLIĞI EK GİRİŞ - KONU TERİMİ
Konusal terim veya coğrafi ad Sutrapitaka.
9 (RLIN) 130534
650 #0 - KONU BAŞLIĞI EK GİRİŞ - KONU TERİMİ
Konusal terim veya coğrafi ad Textual.
9 (RLIN) 130535
650 #0 - KONU BAŞLIĞI EK GİRİŞ - KONU TERİMİ
Konusal terim veya coğrafi ad Suvarnaprabhasasutra--Eleştiri.
9 (RLIN) 130536
650 #0 - KONU BAŞLIĞI EK GİRİŞ - KONU TERİMİ
Konusal terim veya coğrafi ad Tripitaka.
9 (RLIN) 130533
650 #0 - KONU BAŞLIĞI EK GİRİŞ - KONU TERİMİ
Konusal terim veya coğrafi ad Sutrapitaka.
9 (RLIN) 130534
650 #0 - KONU BAŞLIĞI EK GİRİŞ - KONU TERİMİ
Konusal terim veya coğrafi ad Metinsel.
9 (RLIN) 130537
830 1# - SERİ EK GİRİŞİ - TEKBİÇİM ESER ADI
Tekbiçim Başlık Berliner Turfantexte ;
Volume number/sequential designation XXI
9 (RLIN) 121324
942 ## - EK GİRİŞ ÖGELERİ (KOHA)
Source of classification or shelving scheme Library of Congress Classification
Koha item type Book
Holdings
Materyal Türü Kalıcı Konum Mevcut Konum Raf Yeri Sınıflandırma Kaynağı Edinim Bilgisi Ana Konular Alt Konular Yer Numarası Demirbaş Numarası Fatura Tarihi Maliyet, Alış Fiyatı Maliyet, Yenileme Fiyatı Geri Çekilme Durumu Kayıp Durumu Hasarlı Durumu Kredi için değil Kayıt Tarih Toplam Ödünçverme Son Görülme Tarihi Son Kontrol Tarihi
Book Prof. Dr. Azmi Özcan Kütüphanesi Prof. Dr. Azmi Özcan Kütüphanesi Uluğbey Salonu Library of Congress Classification Satın FELSEFE, PSİKOLOJİ, DİN Budizm BQ2137 .W55 2001 0068226 02/02/2026 1900.00 1900.00         01/02/2023   06/03/2025 06/03/2025